000 00373nam a2200157Ia 4500
008 200103s9999||||xx |||||||||||||| ||und||
020 _a9780707721484
040 _aIMU-MPC
082 _aColumn-8
100 _aAdmiralty
245 0 _aAdmiralty Tide Tables
250 _aVol. 2
260 _bAdmirality Charts and Publications
_c2014
300 _alxii,346
942 _cBK
999 _c3992
_d3992